00734nam a2200205Ia 4500003000900000008004100009020001800050040001600068080001500084100003400099245011300133260004800246300001400294650001000308650002400318700003000342942000700372999001700379952013200396IN-BaIIA211028s9999 xx 000 0 eng d a0-521-59565-7 cIIA Library a524.5bLAM aLamers, H. J. G. L. M.914527 0aIntroduction to stellar windscH. J. G. L. M. Lamers and J. P. Cassinelli  aCambridgebCambridge University Pressc1999 axiv, 438p aStars aStellar winds95748 aCassinelli, J. P. 929108 cBK c15796d15796 00104070aBANbKAVcGENd2004-12-27eEDS g2415.00l0o524.5/LAMp16718r2021-11-05v2415.00w2004-12-27yBKGRs. 2415.00